00880 2200313 4500001002100000005001500021035002000036007000300056008004100059020002200100082001400122084001400136245006500150300003100215650001100246710002600257710002700283264004400310336002100354337003000375338002300405040002200428090001800450090002200468850001200490999002200502990002200524990002000546INLIS00000000085917020221021010950 a0010-0421001075ta210426b yoi g ind d a978-623-95349-0-504223a650.1 a650.1 WON aWong ndeso rejeki kuto /cTim Aksoro; penyunting, Tim Aksoro axxii, 171 halaman ;c21 cm 4aSukses2 aTim AksoroePengarang2 aTim AksoroePenyunting31aSleman :bAksoro Sabda Nusantara,c2020 2rdacontentateks 2rdamediaatanpa perantara 2rdacarrieravolume aYOPDYOGbinderda aDEP 650.1 WON aCB-D.11 2020-3088 aYOPDYOG aCB-D.11/2020-3088 aCB-D.11/2020-3088 a66820-PD/A.2021